| 000 | 01175nam a2200241 i 4500 | ||
|---|---|---|---|
| 001 | 53697 | ||
| 003 | ES-MaACL | ||
| 005 | 20250718184447.0 | ||
| 007 | t| | ||
| 008 | 960627s1895 sp ||||1| spa d | ||
| 100 | 1 |
_aFernández Duro, Cesáreo, _d1830-1908 _949752 |
|
| 245 | 1 | 0 |
_aDe algunas obras desconocidas de cosmografía y de navegación, y singularmente de la que escribió Alfonso [sic] de Chaves a principios del siglo XVI / _cCesáreo Fernández Duro. |
| 260 |
_aMadrid : _bs.n., _c1895 ( _fImp. de la Revista de navegación y comercio) |
||
| 300 |
_a46 p. ; _c33 cm. |
||
| 505 | 8 | _aIncluye: Quatri partitu en cosmografía práctica, y por otro nombre Espejo de navegantes / Alonso de Chaves (p. 12-46) | |
| 530 | _aDisponible en formato digital. | ||
| 650 | 4 |
_aNavegación- _vObras anteriores a 1800. _915501 |
|
| 740 | 0 | 2 | _aQuatri partitu en cosmografía práctica, y por otro nombre Espejo de navegantes. |
| 740 | 0 | 2 | _aEspejo de navegantes. |
| 852 | 4 |
_aES-MaACL _jT-771-F-2 _z- Dedicatoria autógrafa del autor |
|
| 856 | 4 |
_uhttp://bdh-rd.bne.es/viewer.vm?id=0000125611&page=1 _zBiblioteca Digital Hispánica |
|
| 999 |
_c53697 _d53697 |
||